The world of Velázquez, 1599-1660, (Record no. 125458)
[ view plain ]
| 000 -LEADER | |
|---|---|
| fixed length control field | 00815cam a2200253 4500 |
| 001 - CONTROL NUMBER | |
| control field | 833452 |
| 003 - CONTROL NUMBER IDENTIFIER | |
| control field | ARRUPE |
| 005 - DATE AND TIME OF LATEST TRANSACTION | |
| control field | 20161007112852.0 |
| 008 - FIXED-LENGTH DATA ELEMENTS--GENERAL INFORMATION | |
| fixed length control field | 700518s1969 nyuabc b 001 0beng |
| 010 ## - LIBRARY OF CONGRESS CONTROL NUMBER | |
| LC control number | 77084575 |
| 040 ## - CATALOGING SOURCE | |
| Original cataloging agency | DLC |
| Transcribing agency | DLC |
| Modifying agency | DLC |
| 050 00 - LIBRARY OF CONGRESS CALL NUMBER | |
| Classification number | ND813.V4 |
| Item number | B88 |
| 082 00 - DEWEY DECIMAL CLASSIFICATION NUMBER | |
| Classification number | 759.6 |
| 300 ## - PHYSICAL DESCRIPTION | |
| Other physical details | illus. (part col.), map, ports. (part col.) |
| Dimensions | 31 cm. |
| 100 1# - MAIN ENTRY--PERSONAL NAME | |
| Personal name | Brown, Dale. |
| 9 (RLIN) | 26577 |
| 245 14 - TITLE STATEMENT | |
| Title | The world of Velázquez, 1599-1660, |
| Statement of responsibility, etc | by Dale Brown and the editors of Time-Life Books. |
| 260 ## - PUBLICATION, DISTRIBUTION, ETC. (IMPRINT) | |
| Place of publication, distribution, etc | New York, |
| Name of publisher, distributor, etc | Time-Life Books |
| Date of publication, distribution, etc | [1969] |
| 300 ## - PHYSICAL DESCRIPTION | |
| Extent | 192 p. |
| 490 0# - SERIES STATEMENT | |
| Series statement | Time-Life library of art |
| 504 ## - BIBLIOGRAPHY, ETC. NOTE | |
| Bibliography, etc | Bibliography: p. 187. |
| 600 10 - SUBJECT ADDED ENTRY--PERSONAL NAME | |
| Personal name | Velázquez, Diego, |
| Dates associated with a name | 1599-1660. |
| 9 (RLIN) | 26578 |
| 710 2# - ADDED ENTRY--CORPORATE NAME | |
| Corporate name or jurisdiction name as entry element | Time-Life Books. |
| 9 (RLIN) | 26560 |
| 906 ## - LOCAL DATA ELEMENT F, LDF (RLIN) | |
| a | 7 |
| b | cbc |
| c | orignew |
| d | u |
| e | ncip |
| f | 19 |
| g | y-gencatlg |
| 942 ## - ADDED ENTRY ELEMENTS (KOHA) | |
| Source of classification or shelving scheme | Library of Congress Classification |
| Koha item type | Monograph ( Printed materials) |
| Withdrawn status | Lost status | Source of classification or shelving scheme | Damaged status | Not for loan | Collection code | Home library | Current library | Shelving location | Date acquired | Total Checkouts | Full call number | Barcode | Date last seen | Price effective from | Koha item type |
|---|---|---|---|---|---|---|---|---|---|---|---|---|---|---|---|
| Library of Congress Classification | Main Collection | ARRUPE LIBRARY | ARRUPE LIBRARY | Main Collection | 07/10/2016 | L ND813.V4 B88 | 46500010583 | 07/10/2016 | 07/10/2016 | Monograph ( Printed materials) |